[Event "GER-ch 92nd"]
[Site "Magdeburg"]
[Date "2021.07.27"]
[Round "4"]
[White "Wachinger, Nikolas"]
[Black "Poetsch, Hagen"]
[Result "0-1"]
[WhiteElo "2355"]
[BlackElo "2525"]
[EventDate "2021.07.25"]
[PlyCount "130"]

1. c4 e6 2. Nc3 d5 3. d4 Bb4 4. a3 Bxc3+ 5. bxc3 c6 6. a4 Ne7 7. e3 b6 8. a5 Ba6 9. Nf3 O-O 10. Nd2 b5 11. cxd5 cxd5 12. Nb3 Nd7 13. Ba3 Re8 14. Bd3 Nc6 15. O-O e5 16. Nc5 Nxc5 17. Bxc5 e4 18. Be2 Re6 19. f3 exf3 20. Rxf3 Nxa5 21. Qc2 Nc4 22. Bd3 g6 23. Qf2 Qe8 24. Bxc4 bxc4 25. Rf1 f5 26. Qg3 Qb8 27. Rxf5 Qxg3 28. Rf8+ Rxf8 29. Rxf8+ Kg7 30. hxg3 Bb5 31. Kf2 Be8 32. g4 h6 33. Ke2 a5 34. Kf2 a4 35. Kf3 g5 36. Kf2 Re4 37. Kf3 Re6 38. Kf2 Re4 39. Kf3 Bd7 40. Rd8 Bxg4+ 41. Kf2 Be6 42. Ra8 h5 43. g3 h4 44. gxh4 Rxh4 45. Bd6 Rh1 46. Rxa4 Rc1 47. Bb4 Kg6 48. e4 dxe4 49. Ra5 Bg4 50. d5 Rd1 51. d6 Rd3 52. Re5 Bf5 53. Re8 g4 54. Rg8+ Kf7 55. Rg5 Kf6 56. Rg8 Ke5 57. Ba3 Kf4 58. Bc1+ e3+ 59. Ke2 Rxc3 60. Rf8 Rxc1 61. d7 Rc2+ 62. Ke1 Rd2 63. d8=Q Rxd8 64. Rxd8 g3 65. Ke2 g2 0-1

[Event "GER-ch 92nd"]
[Site "Magdeburg"]
[Date "2021.07.28"]
[Round "5"]
[White "Belezky, Alexander"]
[Black "Lampe, Dirk"]
[Result "1/2-1/2"]
[WhiteElo "2377"]
[BlackElo "2160"]
[EventDate "2021.07.25"]
[PlyCount "71"]

1. Nf3 Nf6 2. g3 g6 3. b3 Bg7 4. d4 c5 5. Bb2 cxd4 6. Nxd4 d5 7. c4 O-O 8. Bg2 Re8 9. cxd5 Nxd5 10. O-O a6 11. Qc1 e5 12. Nc2 Ne7 13. Rd1 Qc7 14. Nba3 Be6 15. Nb4 Nbc6 16. Nxc6 Nxc6 17. Bxc6 Qxc6 18. Qxc6 bxc6 19. Rac1 a5 20. Rxc6 a4 21. Nc4 axb3 22. axb3 Rab8 23. Na5 Bxb3 24. Nxb3 Rxb3 25. Bc3 Rb7 26. Kg2 e4 27. Bxg7 Kxg7 28. Rc2 h5 29. h4 Rbe7 30. e3 Re6 31. Rd7 R6e7 32. Rd1 Re6 33. Rd7 R6e7 34. Rd1 Re6 35. Rd7 R6e7 36. Rd1 1/2-1/2

[Event "GER-ch 92nd"]
[Site "Magdeburg"]
[Date "2021.07.28"]
[Round "5"]
[White "Biastoch, Bennet"]
[Black "Paehtz, Thomas Sr"]
[Result "0-1"]
[WhiteElo "2266"]
[BlackElo "2350"]
[EventDate "2021.07.25"]
[PlyCount "90"]

1. e4 c5 2. Nf3 d6 3. d4 cxd4 4. Nxd4 Nf6 5. Nc3 a6 6. h3 e5 7. Nde2 h5 8. g3 Be7 9. Bg2 b5 10. Bg5 Nbd7 11. Bxf6 Nxf6 12. a4 b4 13. Nd5 Nxd5 14. Qxd5 Be6 15. Qd2 h4 16. g4 Bg5 17. Qxb4 Rb8 18. Qa3 Qa5+ 19. c3 Rb3 20. Qxd6 Rxb2 21. O-O Rb6 22. Qd3 O-O 23. f4 Qc5+ 24. Kh1 Bc4 25. Qf3 Bxf4 26. Nxf4 Bxf1 27. Nd5 Bxg2+ 28. Qxg2 Rb7 29. Rf1 Rfb8 30. Qf3 Qd6 31. g5 Qe6 32. Qd3 a5 33. Rg1 Rb2 34. Rg4 Rf2 35. Kg1 Ra2 36. Rxh4 Qd6 37. Kh1 Rbb2 38. Rg4 Ra1+ 39. Rg1 Rxg1+ 40. Kxg1 Qa3 41. Ne3 Qa1+ 42. Nf1 Qc1 43. h4 Qf4 44. Qh3 Qf2+ 45. Kh1 Rb1 0-1

[Event "GER-ch 92nd"]
[Site "Magdeburg"]
[Date "2021.07.28"]
[Round "5"]
[White "Braun, Georg"]
[Black "Matthes, Aaron"]
[Result "1-0"]
[WhiteElo "2375"]
[BlackElo "2035"]
[EventDate "2021.07.25"]
[PlyCount "55"]

1. c4 c6 2. d4 d5 3. Nf3 Nf6 4. Qb3 dxc4 5. Qxc4 b5 6. Qc2 Bb7 7. e4 e6 8. Bd3 Nbd7 9. O-O h6 10. Nc3 a6 11. e5 Nd5 12. Nxd5 cxd5 13. Be3 Be7 14. Qd2 Qb6 15. h4 a5 16. Rfd1 O-O-O 17. Qe2 Bc6 18. h5 Kb7 19. Ne1 f5 20. exf6 Bxf6 21. b4 a4 22. Rac1 Ka6 23. Nc2 Rc8 24. Na3 Be7 25. Bd2 Rhe8 26. Rc2 Nb8 27. Rdc1 Qxd4 28. Nxb5 1-0

[Event "GER-ch 92nd"]
[Site "Magdeburg"]
[Date "2021.07.28"]
[Round "5"]
[White "Colbow, Collin"]
[Black "Stern, Rene"]
[Result "1/2-1/2"]
[WhiteElo "2353"]
[BlackElo "2517"]
[EventDate "2021.07.25"]
[PlyCount "92"]

1. e4 e5 2. Nf3 Nc6 3. Nc3 Nf6 4. d4 exd4 5. Nxd4 Bb4 6. Nxc6 bxc6 7. Bd3 d5 8. exd5 cxd5 9. O-O O-O 10. h3 Re8 11. Qf3 c6 12. Bf4 Bd6 13. Rfe1 Be6 14. Ne2 Qc7 15. Rad1 Bd7 16. Bxd6 Qxd6 17. b3 Re5 18. c4 Rae8 19. Rf1 a5 20. cxd5 cxd5 21. Nd4 Qa3 22. Nc2 Qc5 23. Rfe1 Rxe1+ 24. Rxe1 Rxe1+ 25. Nxe1 Qc1 26. Qe3 Qxe3 27. fxe3 Kf8 28. Kf2 Ke7 29. Ke2 Ne4 30. Bxe4 dxe4 31. Kd2 Kd6 32. Kc3 Kc5 33. h4 h6 34. a3 g5 35. hxg5 hxg5 36. Nc2 f5 37. g3 Be8 38. Nd4 Bd7 39. Ne2 Bb5 40. Nd4 Bd7 41. Nc2 Be6 42. b4+ axb4+ 43. axb4+ Kd5 44. Na3 Bd7 45. Nc4 Bb5 46. Nb6+ Ke5 1/2-1/2

[Event "GER-ch 92nd"]
[Site "Magdeburg"]
[Date "2021.07.28"]
[Round "5"]
[White "Dyballa, Gerhard"]
[Black "Voege, Tobias"]
[Result "0-1"]
[WhiteElo "1960"]
[BlackElo "2324"]
[EventDate "2021.07.25"]
[PlyCount "114"]

1. c4 Nf6 2. Nc3 c5 3. g3 Nc6 4. Bg2 g6 5. Nf3 Bg7 6. O-O O-O 7. d4 cxd4 8. Nxd4 d6 9. Be3 Ng4 10. Nxc6 bxc6 11. Bd2 Rb8 12. b3 Bb7 13. h3 Nf6 14. Rc1 Re8 15. Be3 Qa5 16. Qd2 Rbd8 17. Rfd1 Qc7 18. Bh6 Bh8 19. e4 Nd7 20. Be3 Qb8 21. f4 Nf8 22. Qf2 c5 23. Ne2 Qa8 24. g4 Bxe4 25. Bxe4 Qxe4 26. Ng3 Qb7 27. f5 Nd7 28. Rf1 Ne5 29. Rcd1 Rf8 30. Bh6 Bg7 31. Bxg7 Kxg7 32. f6+ Kg8 33. Qf4 exf6 34. Qxf6 Rfe8 35. Rd5 Rd7 36. Qf4 Nc6 37. Ne4 Rxe4 38. Qxe4 Ne7 39. Re1 Nxd5 40. cxd5 Kg7 41. g5 Qb4 42. Qe3 h6 43. gxh6+ Kh7 44. Rf1 Qh4 45. Rf4 Qg5+ 46. Kh2 Qxd5 47. Qe8 Qe5 48. Qxd7 Qxf4+ 49. Kg2 Qg5+ 50. Kh2 Qe5+ 51. Kg2 Qd5+ 52. Kh2 a5 53. Qd8 Qe5+ 54. Kg2 Qb2+ 55. Kg3 Qxa2 56. Qf6 Qxb3+ 57. Kg4 Qe6+ 0-1

[Event "GER-ch 92nd"]
[Site "Magdeburg"]
[Date "2021.07.28"]
[Round "5"]
[White "Enders, Peter"]
[Black "Stork, Oliver"]
[Result "0-1"]
[WhiteElo "2447"]
[BlackElo "2394"]
[EventDate "2021.07.25"]
[PlyCount "66"]

1. b3 Nf6 2. Bb2 g6 3. g3 Bg7 4. Bg2 d5 5. Nf3 c5 6. O-O O-O 7. c4 d4 8. e3 Nc6 9. exd4 cxd4 10. d3 e5 11. Na3 Re8 12. Nc2 a5 13. Rb1 Rb8 14. a3 b5 15. Nd2 Bg4 16. Bf3 Qd7 17. Bxg4 Nxg4 18. h3 Nh6 19. Kh2 f5 20. f3 Nf7 21. Ne1 Ng5 22. cxb5 Rxb5 23. Rc1 e4 24. Qc2 e3 25. Nc4 f4 26. g4 Reb8 27. Nxe3 dxe3 28. Bxg7 Kxg7 29. Qxc6 Qxc6 30. Rxc6 Rxb3 31. Rc7+ Kg8 32. Kg2 Rxa3 33. Rc2 Ra1 0-1

[Event "GER-ch 92nd"]
[Site "Magdeburg"]
[Date "2021.07.28"]
[Round "5"]
[White "Feuerstack, Aljoscha"]
[Black "Krassowizkij, Jaroslaw"]
[Result "1-0"]
[WhiteElo "2473"]
[BlackElo "2448"]
[EventDate "2021.07.25"]
[PlyCount "90"]

1. e4 e5 2. Nf3 Nc6 3. Bb5 Nf6 4. O-O Nxe4 5. Re1 Nd6 6. Nxe5 Be7 7. Bf1 Nxe5 8. Rxe5 O-O 9. d4 Bf6 10. Re1 Nf5 11. d5 d6 12. Nd2 Bg5 13. Ne4 Bxc1 14. Rxc1 Bd7 15. c4 Re8 16. Bd3 b6 17. Bb1 Nh6 18. Rc3 f5 19. Nd2 Qf6 20. Nf3 Rxe1+ 21. Qxe1 Re8 22. Qd2 Nf7 23. Re3 Rxe3 24. Qxe3 Ne5 25. Nd2 Ng6 26. b3 Qb2 27. f4 Kf7 28. a4 Ne7 29. Bd3 h6 30. Be2 Ng8 31. Nf3 Nf6 32. h3 Ne4 33. Nd4 g5 34. fxg5 hxg5 35. Bh5+ Kf6 36. h4 Qb1+ 37. Kh2 f4 38. hxg5+ Kxg5 39. Qe2 Ng3 40. Qe7+ Kxh5 41. Qf7+ Qg6 42. Qxd7 Qe4 43. Qf7+ Kg4 44. Qg7+ Kh5 45. Kh3 Qd3 1-0

[Event "GER-ch 92nd"]
[Site "Magdeburg"]
[Date "2021.07.28"]
[Round "5"]
[White "Geue, Niklas"]
[Black "Dobrikov, Marco"]
[Result "1/2-1/2"]
[WhiteElo "2121"]
[BlackElo "2311"]
[EventDate "2021.07.25"]
[PlyCount "131"]

1. Nf3 g6 2. d4 Bg7 3. g3 c5 4. c3 Qa5 5. d5 d6 6. Bg2 Nf6 7. O-O O-O 8. Nbd2 b5 9. e4 Nbd7 10. c4 bxc4 11. Nxc4 Qb4 12. Qc2 Ba6 13. Nfd2 Nb6 14. a3 Qb5 15. Nxb6 axb6 16. Re1 Qd7 17. Nc4 Rab8 18. h3 Nh5 19. g4 Nf6 20. Bf4 h5 21. e5 Ne8 22. gxh5 gxh5 23. Rad1 Bxc4 24. Qxc4 Qf5 25. Qe4 Qxe4 26. Rxe4 dxe5 27. Bxe5 Nd6 28. Bxg7 Kxg7 29. Rxe7 Rfe8 30. Rde1 Kf6 31. R7e3 Rxe3 32. Rxe3 Re8 33. Rf3+ Ke5 34. Kf1 f5 35. Rd3 f4 36. Rd2 Kf5 37. Bf3 h4 38. a4 Nc4 39. Bg4+ Kf6 40. Rc2 Re4 41. d6 Rd4 42. d7 Ne5 43. Kg2 f3+ 44. Bxf3 Nd3 45. Rc4 Rxd7 46. Rxh4 Nxb2 47. Rh6+ Ke5 48. Rxb6 Nxa4 49. Ra6 Nb2 50. Ra2 Rd2 51. Kf1 c4 52. Bh5 c3 53. Bg6 c2 54. Bxc2 Rxc2 55. Ra8 Nd3 56. Kg2 Rxf2+ 57. Kg3 Rf7 58. Re8+ Kf5 59. Kf3 Ne5+ 60. Ke3 Rh7 61. Kd4 Nf3+ 62. Ke3 Rxh3 63. Rf8+ Kg4 64. Rf4+ Kg5 65. Rxf3 Rxf3+ 66. Kxf3 1/2-1/2

[Event "GER-ch 92nd"]
[Site "Magdeburg"]
[Date "2021.07.28"]
[Round "5"]
[White "Hess, Max"]
[Black "Ehmann, Thilo"]
[Result "0-1"]
[WhiteElo "2413"]
[BlackElo "2342"]
[EventDate "2021.07.25"]
[PlyCount "100"]

1. e4 c5 2. Nc3 Nc6 3. Bb5 Nd4 4. Nf3 g6 5. Bc4 Bg7 6. Nxd4 cxd4 7. Qf3 Nh6 8. Ne2 O-O 9. d3 Ng4 10. Bb3 d6 11. Qg3 a5 12. a4 Qb6 13. O-O Nf6 14. Qh4 Bd7 15. Bg5 Rfc8 16. f4 Nxe4 17. dxe4 d3+ 18. Qf2 Qxf2+ 19. Kxf2 dxe2 20. Kxe2 Bxb2 21. Ra2 Bg7 22. Bd5 Rc7 23. f5 e6 24. fxe6 fxe6 25. Bb3 b5 26. Kd2 bxa4 27. Bxa4 Bxa4 28. Rxa4 Rac8 29. Ra2 Rc4 30. Rf3 Rxe4 31. Rxa5 Rec4 32. Ra2 d5 33. Bf6 Rg4 34. Bxg7 Rxg2+ 35. Kd3 Kxg7 36. Ra7+ Kg8 37. Rff7 Rxh2 38. Rg7+ Kh8 39. Rge7 Rg8 40. Ke3 g5 41. Kf3 g4+ 42. Kg3 Rh3+ 43. Kg2 Rh6 44. Kg3 Rh3+ 45. Kg2 Rc8 46. c3 Rh6 47. Rab7 g3 48. Rbd7 Rg8 49. Ra7 Rh2+ 50. Kg1 g2 0-1

[Event "GER-ch 92nd"]
[Site "Magdeburg"]
[Date "2021.07.28"]
[Round "5"]
[White "Koelle, Tobias"]
[Black "Muckle, Julius"]
[Result "0-1"]
[WhiteElo "2312"]
[BlackElo "2423"]
[EventDate "2021.07.25"]
[PlyCount "76"]

1. d4 d5 2. c4 c6 3. Nf3 Nf6 4. Qc2 g6 5. Bf4 Bf5 6. Qb3 Qb6 7. c5 Qxb3 8. axb3 Nbd7 9. Nc3 Bg7 10. h3 Ne4 11. e3 Nxc3 12. bxc3 Nxc5 13. Be5 f6 14. Bh2 Nd7 15. Kd2 e5 16. Be2 O-O 17. Ra2 a6 18. b4 Rae8 19. Kc1 Be4 20. Rg1 Bxf3 21. Bxf3 f5 22. Kd1 f4 23. Re1 Nb6 24. Be2 fxe3 25. fxe3 Rf2 26. Bc4 Ref8 27. Bb3 Rxa2 28. Bxa2 Na4 29. Kc2 Rf2+ 30. Kb3 Nb6 31. Ka3 Rxg2 32. Bxe5 Bxe5 33. dxe5 Kf7 34. e4 Rg3 35. exd5 cxd5 36. Rf1+ Ke7 37. Rf6 Rxc3+ 38. Bb3 Rc6 0-1

[Event "GER-ch 92nd"]
[Site "Magdeburg"]
[Date "2021.07.28"]
[Round "5"]
[White "Kolb, Tobias"]
[Black "Roseneck, Jonas"]
[Result "1-0"]
[WhiteElo "2307"]
[BlackElo "2401"]
[EventDate "2021.07.25"]
[PlyCount "61"]

1. d4 Nf6 2. c4 g6 3. Nc3 d5 4. Nf3 Bg7 5. h4 dxc4 6. e4 c5 7. d5 b5 8. h5 O-O 9. hxg6 fxg6 10. Rh4 e6 11. Nxb5 exd5 12. Nc3 Re8 13. Be3 Bg4 14. exd5 Nbd7 15. Bxc4 Nb6 16. Bb5 Bxf3 17. Qxf3 Nfxd5 18. Bxe8 Qxh4 19. Bf7+ Kh8 20. Bxd5 Qh1+ 21. Ke2 Qxa1 22. Bxa8 Qxb2+ 23. Bd2 h6 24. Be4 Nc4 25. Nb1 Ne5 26. Qb3 Qd4 27. Qd5 Qa4 28. Bc3 Qb5+ 29. Ke1 Nc4 30. Bxg7+ Kxg7 31. Qb7+ 1-0

[Event "GER-ch 92nd"]
[Site "Magdeburg"]
[Date "2021.07.28"]
[Round "5"]
[White "Kuhn, Patrick"]
[Black "Laux, Dominik"]
[Result "0-1"]
[WhiteElo "2073"]
[BlackElo "2085"]
[EventDate "2021.07.25"]
[PlyCount "54"]

1. c4 e5 2. Nc3 Nf6 3. g3 Bb4 4. e4 Bxc3 5. dxc3 d6 6. f3 Be6 7. Nh3 Nbd7 8. Ng5 O-O 9. Be3 Qe7 10. Be2 c6 11. O-O d5 12. cxd5 cxd5 13. Nxe6 Qxe6 14. exd5 Nxd5 15. Bf2 Qc6 16. Bd3 Nc5 17. Bc2 Rae8 18. Re1 b5 19. Kg2 e4 20. fxe4 Nxe4 21. Bxe4 Rxe4 22. Qf3 f5 23. Kg1 Nf4 24. Re3 Nh3+ 25. Kf1 Ng5 26. Qe2 f4 27. Rxe4 fxg3 0-1

[Event "GER-ch 92nd"]
[Site "Magdeburg"]
[Date "2021.07.28"]
[Round "5"]
[White "Kunin, Vitaly L"]
[Black "Fromm, Marius"]
[Result "1-0"]
[WhiteElo "2567"]
[BlackElo "2326"]
[EventDate "2021.07.25"]
[PlyCount "49"]

1. d4 Nf6 2. c4 e6 3. Nf3 d5 4. Nc3 dxc4 5. e3 a6 6. a4 c5 7. Bxc4 Nc6 8. O-O Be7 9. Qd2 O-O 10. Rd1 cxd4 11. exd4 Nb4 12. Qg5 Bd7 13. Ne5 Rc8 14. Qg3 Kh8 15. Bg5 Bc6 16. Qh3 Nfd5 17. Bd2 Nb6 18. Be2 Bg5 19. Bh5 Rc7 20. Nb5 axb5 21. Bxb4 bxa4 22. Bxf8 Qxf8 23. Bxf7 Bh6 24. Bxe6 Nd5 25. Nxc6 1-0

[Event "GER-ch 92nd"]
[Site "Magdeburg"]
[Date "2021.07.28"]
[Round "5"]
[White "Neyman, Igor"]
[Black "Gutkin, Ilya"]
[Result "1/2-1/2"]
[WhiteElo "2325"]
[BlackElo "2304"]
[EventDate "2021.07.25"]
[PlyCount "130"]

1. d4 e6 2. c4 Bb4+ 3. Bd2 Qe7 4. Nc3 Nf6 5. Qc2 b6 6. a3 Bxc3 7. Bxc3 Bb7 8. f3 c5 9. e3 Nc6 10. Bd3 cxd4 11. exd4 d5 12. Ne2 dxc4 13. Bxc4 O-O 14. O-O Rfd8 15. Rfe1 Rac8 16. Rad1 Qc7 17. Bd3 h6 18. Qb1 Nd5 19. Bd2 Qe7 20. Rc1 Qh4 21. Bc3 Rc7 22. Bh7+ Kh8 23. Be4 Nf4 24. Nxf4 Qxf4 25. Bxc6 Bxc6 26. Rcd1 Bd5 27. Qc1 Qh4 28. Qe3 Rdc8 29. Rc1 Qh5 30. h3 Qg6 31. Kh2 Kg8 32. Re2 f6 33. Ree1 h5 34. h4 Qf5 35. Kg1 Kf7 36. Kf2 Ke8 37. Bb4 Rc2+ 38. Rxc2 Rxc2+ 39. Re2 Rxe2+ 40. Kxe2 Qb1 41. Bc3 Qh1 42. Qf2 Bc4+ 43. Ke3 Qb1 44. Qe1 Qd3+ 45. Kf2 Kf7 46. Kg3 Bd5 47. Qd2 Qg6+ 48. Kf2 Qf5 49. Qe3 Kg8 50. Kg3 Kh7 51. Qf4 Qg6+ 52. Kf2 Qb1 53. Qc7 Qh1 54. Qf4 a5 55. Bd2 Qb1 56. Bc3 Qc2+ 57. Qd2 Qf5 58. Qe3 Kg6 59. Kg3 Qc2 60. Qd2 Qb1 61. Qe1 Qd3 62. Qd2 Qc4 63. Qc2+ Kh6 64. Bd2+ g5 65. Qxc4 Bxc4 1/2-1/2

[Event "GER-ch 92nd"]
[Site "Magdeburg"]
[Date "2021.07.28"]
[Round "5"]
[White "Niering, Martin"]
[Black "Wachinger, Nikolas"]
[Result "0-1"]
[WhiteElo "2200"]
[BlackElo "2355"]
[EventDate "2021.07.25"]
[PlyCount "62"]

1. e4 c5 2. c3 Nf6 3. e5 Nd5 4. d4 cxd4 5. Nf3 d6 6. cxd4 Nc6 7. Bc4 Nb6 8. Bb5 dxe5 9. Nxe5 Bd7 10. Nxd7 Qxd7 11. Nc3 e6 12. Qg4 a6 13. Bxc6 Qxc6 14. O-O Nd5 15. Be3 g6 16. Rac1 Nxe3 17. fxe3 Bh6 18. Qh3 Bg7 19. d5 exd5 20. Nb5 axb5 21. Rxc6 bxc6 22. Rc1 Bxb2 23. Rxc6 O-O 24. Rc2 Rxa2 25. Kf2 b4 26. Qd7 b3 27. Re2 Bf6 28. Qxd5 Rxe2+ 29. Kxe2 b2 30. Qb7 Kg7 31. Kd3 Rc8 0-1

[Event "GER-ch 92nd"]
[Site "Magdeburg"]
[Date "2021.07.28"]
[Round "5"]
[White "Poetsch, Hagen"]
[Black "Pajeken, Jakob Leon"]
[Result "1-0"]
[WhiteElo "2525"]
[BlackElo "2328"]
[EventDate "2021.07.25"]
[PlyCount "75"]

1. Nf3 Nf6 2. g3 b5 3. Bg2 Bb7 4. O-O c5 5. Na3 Qb6 6. c4 b4 7. Nc2 e6 8. d3 Be7 9. e4 d6 10. Be3 Nbd7 11. Nh4 h5 12. h3 Ng8 13. f4 Bxh4 14. gxh4 Ne7 15. d4 f5 16. dxc5 dxc5 17. e5 Bxg2 18. Kxg2 Ng6 19. Kg3 Qd8 20. Qd6 Qxh4+ 21. Kh2 Qe7 22. Rad1 Rd8 23. Rg1 Kf7 24. Ne1 Qxd6 25. Rxd6 Nb6 26. b3 Rxd6 27. exd6 Nd7 28. Nf3 e5 29. fxe5 Ngxe5 30. Nxe5+ Nxe5 31. Rf1 Nd7 32. Rxf5+ Ke6 33. Rg5 Kxd6 34. Rg6+ Ke5 35. Rxg7 Ke4 36. Re7+ Kf3 37. Bg5 Nb6 38. Kg1 1-0

[Event "GER-ch 92nd"]
[Site "Magdeburg"]
[Date "2021.07.28"]
[Round "5"]
[White "Rosner, Jonas"]
[Black "Svane, Frederik"]
[Result "0-1"]
[WhiteElo "2434"]
[BlackElo "2438"]
[EventDate "2021.07.25"]
[PlyCount "52"]

1. c4 Nf6 2. Nf3 e6 3. Nc3 d5 4. e3 Bd6 5. b3 O-O 6. Bb2 Re8 7. d4 b6 8. Bd3 Bb7 9. O-O Nbd7 10. Rc1 a6 11. Re1 Ne4 12. Ne2 dxc4 13. bxc4 e5 14. Bb1 exd4 15. exd4 Nxf2 16. Kxf2 Bxf3 17. gxf3 Qh4+ 18. Kg2 Qxh2+ 19. Kf1 Qh3+ 20. Kf2 Qh2+ 21. Kf1 Re3 22. Be4 Re8 23. Rc3 R8xe4 24. fxe4 Qh3+ 25. Kf2 Nf6 26. Ng1 Nxe4# 0-1

[Event "GER-ch 92nd"]
[Site "Magdeburg"]
[Date "2021.07.28"]
[Round "5"]
[White "Schulte, Felix"]
[Black "Krastev, Alexander"]
[Result "0-1"]
[WhiteElo "2162"]
[BlackElo "2380"]
[EventDate "2021.07.25"]
[PlyCount "114"]

1. d4 Nf6 2. Bg5 Ne4 3. Bf4 d5 4. e3 c5 5. Bd3 cxd4 6. Bxe4 dxe4 7. exd4 Qb6 8. Nc3 Nc6 9. Nge2 Bg4 10. O-O Rd8 11. Be3 e5 12. d5 Qa6 13. Qd2 Na5 14. Ng3 Nc4 15. Qc1 Qg6 16. Ngxe4 Bf3 17. Ng3 Bxd5 18. Nxd5 Rxd5 19. b3 Ba3 20. Qe1 Nxe3 21. Qxe3 Bc5 22. Qf3 Rd7 23. Rae1 O-O 24. Re4 f6 25. Nf5 Rc8 26. b4 Bf8 27. Rg4 Qe8 28. Qb3+ Kh8 29. Re1 Qf7 30. c4 g6 31. Ne3 f5 32. Rh4 Be7 33. Rh3 b5 34. c5 Qxb3 35. axb3 a5 36. bxa5 Bxc5 37. Rc1 f4 38. b4 fxe3 39. Rxe3 Bf8 40. Rb1 Bxb4 41. Rxe5 Bc5 42. Kf1 b4 43. a6 Bd4 44. Rb5 Bc3 45. Rc1 Ra8 46. Rb6 Rda7 47. Ke2 Rxa6 48. Rb7 Rd6 49. Rc2 Re8+ 50. Kf3 Rd3+ 51. Kg4 Rd2 52. Rxd2 Bxd2 53. h4 Rf8 54. f3 h5+ 55. Kh3 Kg8 56. Kg3 Be1+ 57. Kh3 Rf4 0-1

[Event "GER-ch 92nd"]
[Site "Magdeburg"]
[Date "2021.07.29"]
[Round "6"]
[White "Belezky, Alexander"]
[Black "Dyballa, Gerhard"]
[Result "1-0"]
[WhiteElo "2377"]
[BlackElo "1960"]
[EventDate "2021.07.25"]
[PlyCount "69"]

1. Nf3 d5 2. g3 c5 3. Bg2 g6 4. d3 Bg7 5. O-O Nc6 6. Nbd2 e6 7. e4 Nge7 8. Re1 O-O 9. Nf1 b6 10. e5 h6 11. h4 Nf5 12. Bf4 a5 13. a4 Ba6 14. c3 Rb8 15. Qd2 b5 16. axb5 Rxb5 17. N1h2 Qb6 18. Re2 Rb8 19. Ra2 h5 20. g4 hxg4 21. Nxg4 Qc7 22. Nf6+ Kf8 23. Bh3 Nce7 24. Ng5 Ng8 25. Bxf5 gxf5 26. Ngh7+ Ke7 27. Nxd5+ exd5 28. e6 Qb6 29. exf7+ Kxf7 30. Ng5+ Kf8 31. Re6 Qb7 32. Bd6+ Ne7 33. Qf4 Re8 34. Qxf5+ Kg8 35. Qf7+ 1-0

[Event "GER-ch 92nd"]
[Site "Magdeburg"]
[Date "2021.07.29"]
[Round "6"]
[White "Dobrikov, Marco"]
[Black "Kuhn, Patrick"]
[Result "1-0"]
[WhiteElo "2311"]
[BlackElo "2073"]
[EventDate "2021.07.25"]
[PlyCount "83"]

1. e4 c5 2. Nf3 d6 3. d4 cxd4 4. Nxd4 Nf6 5. Nc3 g6 6. Be3 Bg7 7. f3 Nc6 8. Qd2 O-O 9. O-O-O d5 10. Qe1 e5 11. Nxc6 bxc6 12. exd5 Nxd5 13. Bc4 Be6 14. Bc5 Qg5+ 15. Kb1 Nxc3+ 16. Qxc3 e4 17. Bd4 Bxd4 18. Qxd4 exf3 19. gxf3 Rad8 20. Qe4 Bd5 21. Bxd5 Rxd5 22. Rxd5 cxd5 23. Qd4 Qg2 24. Rg1 Qxh2 25. Qxa7 h5 26. Qd4 Re8 27. a4 Re6 28. a5 Rc6 29. Rc1 Qd6 30. Rd1 Rc5 31. b4 Rb5 32. c3 Qc6 33. Kb2 Qe6 34. Qd3 Qc6 35. Qd4 Qe6 36. Kb3 g5 37. Ra1 Qa6 38. Qe5 f6 39. Qe8+ Kg7 40. Qd7+ Kg6 41. Rd1 Qxa5 42. Rxd5 1-0

[Event "GER-ch 92nd"]
[Site "Magdeburg"]
[Date "2021.07.29"]
[Round "6"]
[White "Ehmann, Thilo"]
[Black "Colbow, Collin"]
[Result "1-0"]
[WhiteElo "2342"]
[BlackElo "2353"]
[EventDate "2021.07.25"]
[PlyCount "75"]

1. e4 c5 2. Nf3 d6 3. d4 cxd4 4. Nxd4 Nf6 5. Nc3 a6 6. f3 e5 7. Nb3 Be6 8. Be3 Be7 9. Qd2 h5 10. Nd5 Nxd5 11. exd5 Bf5 12. Bd3 Bxd3 13. Qxd3 Bg5 14. Bf2 Nd7 15. O-O O-O 16. Nd2 f5 17. a4 Rc8 18. Nc4 Qc7 19. b3 Rce8 20. a5 e4 21. fxe4 fxe4 22. Qh3 Nf6 23. Bg3 Qc5+ 24. Kh1 Qxd5 25. Bxd6 Rf7 26. Rf5 Qd4 27. c3 Qd3 28. Rxg5 Qc2 29. Ne5 Ng4 30. Rxg4 hxg4 31. Qh5 Qxb3 32. Qxf7+ Qxf7 33. Nxf7 Kxf7 34. Kg1 Ke6 35. Bc5 Kd5 36. Bd4 Kc4 37. Kf2 Kd3 38. Re1 1-0

[Event "GER-ch 92nd"]
[Site "Magdeburg"]
[Date "2021.07.29"]
[Round "6"]
[White "Gutkin, Ilya"]
[Black "Koelle, Tobias"]
[Result "0-1"]
[WhiteElo "2304"]
[BlackElo "2312"]
[EventDate "2021.07.25"]
[PlyCount "60"]

1. Nf3 d5 2. g3 Bg4 3. Bg2 e6 4. h3 Bh5 5. c4 c6 6. O-O Nf6 7. d4 Nbd7 8. cxd5 exd5 9. Ne5 Bg6 10. Nc3 Qc7 11. f4 Be4 12. Bxe4 Nxe4 13. Nxe4 dxe4 14. Qc2 Nf6 15. g4 O-O-O 16. g5 Nh5 17. Kh2 f6 18. Qxe4 fxe5 19. dxe5 Bc5 20. b4 Bd4 21. Rb1 g6 22. b5 Rhe8 23. Bb2 c5 24. Rfc1 Bxb2 25. Rxb2 Rd4 26. Qg2 Nxf4 27. e3 Nxg2 28. exd4 Rxe5 29. Kxg2 Rxg5+ 30. Kh1 Qf4 0-1

[Event "GER-ch 92nd"]
[Site "Magdeburg"]
[Date "2021.07.29"]
[Round "6"]
[White "Krassowizkij, Jaroslaw"]
[Black "Schulte, Felix"]
[Result "1-0"]
[WhiteElo "2448"]
[BlackElo "2162"]
[EventDate "2021.07.25"]
[PlyCount "78"]

1. e4 c6 2. Nc3 d5 3. Nf3 g6 4. d4 Bg7 5. h3 Nf6 6. e5 Ne4 7. Nxe4 dxe4 8. Ng5 c5 9. Bc4 O-O 10. dxc5 Qa5+ 11. c3 Qxc5 12. Qd5 Qxd5 13. Bxd5 h6 14. Nxe4 Rd8 15. Bb3 Nc6 16. f4 Bf5 17. Bc2 g5 18. fxg5 Rd5 19. gxh6 Rxe5 20. hxg7 Bxe4 21. Bxe4 Rxe4+ 22. Kf2 Rd8 23. Re1 Rxe1 24. Kxe1 Ne5 25. Ke2 Nd3 26. Rb1 Nxc1+ 27. Rxc1 Rd6 28. c4 Kxg7 29. Rc3 f5 30. b4 Kf6 31. c5 Rd4 32. b5 Rd7 33. c6 bxc6 34. bxc6 Rc7 35. g4 fxg4 36. hxg4 Kg5 37. Kf3 e6 38. Ke4 Kf6 39. g5+ Ke7 1-0

[Event "GER-ch 92nd"]
[Site "Magdeburg"]
[Date "2021.07.29"]
[Round "6"]
[White "Lampe, Dirk"]
[Black "Niering, Martin"]
[Result "1-0"]
[WhiteElo "2160"]
[BlackElo "2200"]
[EventDate "2021.07.25"]
[PlyCount "91"]

1. e4 e5 2. Nf3 Nc6 3. d4 exd4 4. Nxd4 Nf6 5. Nxc6 bxc6 6. e5 Qe7 7. Qe2 Nd5 8. g3 a5 9. c4 Nb6 10. Bg2 Qe6 11. b3 Bb4+ 12. Bd2 O-O 13. O-O d5 14. a3 Bc5 15. Nc3 Ba6 16. Qf3 dxc4 17. b4 Bd4 18. Qxc6 Qxe5 19. Rfe1 Qf5 20. Qf3 Qc2 21. Ra2 Qg6 22. bxa5 Nd7 23. Nd5 Rae8 24. Be3 Bxe3 25. Nxe3 Ne5 26. Qd5 c6 27. Qd4 Qf6 28. Rd1 Rd8 29. Qb6 Rxd1+ 30. Nxd1 Nf3+ 31. Bxf3 Qxf3 32. Rd2 c3 33. Rd8 g6 34. Rxf8+ Kxf8 35. Nxc3 Qd3 36. Qc5+ Kg8 37. h4 Qf1+ 38. Kh2 Bc8 39. Qe3 Qh3+ 40. Kg1 c5 41. Qe8+ Kg7 42. Qe5+ Kg8 43. Nd5 Ba6 44. Nf6+ Kg7 45. Nh5+ Kf8 46. Qd6+ 1-0

[Event "GER-ch 92nd"]
[Site "Magdeburg"]
[Date "2021.07.29"]
[Round "6"]
[White "Laux, Dominik"]
[Black "Hess, Max"]
[Result "0-1"]
[WhiteElo "2085"]
[BlackElo "2413"]
[EventDate "2021.07.25"]
[PlyCount "62"]

1. d4 g6 2. e4 Bg7 3. Nc3 d6 4. f4 a6 5. Nf3 b5 6. Bd3 Nd7 7. e5 c5 8. exd6 cxd4 9. Nd5 exd6 10. Be4 Nc5 11. Nc7+ Qxc7 12. Bxa8 Ne7 13. Nxd4 d5 14. O-O O-O 15. f5 gxf5 16. Bf4 Qa7 17. Nc6 Nxc6 18. Bxc6 Nd3+ 19. Kh1 Nxf4 20. a4 Qc5 21. axb5 axb5 22. Ba8 Be5 23. g3 Ng6 24. Qxd5 Qxd5+ 25. Bxd5 Bxb2 26. Ra7 b4 27. h4 Ne5 28. Rc7 Rd8 29. Bb3 Be6 30. Bxe6 fxe6 31. Re1 Rd2 0-1